000 00636nam a22002057a 4500
999 _c7536
_d7536
003 OSt
005 20211125121517.0
008 211125b ||||| |||| 00| 0 eng d
020 _a9781259252655
040 _cDDC
082 _a346.07 BUS 2016
100 _aJane P, Mallor; A James Barnes; Arlen W. Langvardt
_915428
245 _aBusiness Law:
_bThe Ethical, Global and E-Commerce Environment
250 _a16th ed.
260 _a New York :
_bMcGraw-Hill Education;
_c2016
300 _axxxviii,1476p.;
_c26cm.
504 _a Includes bibliographical references and index.
650 _aCommercial law.
_915429
942 _2ddc
_cBOOK